000
00292nam a22001217a 4500
003
NUST
005
20230524095326.0
008
140507b xxu||||| |||| 00| 0 eng d
020
_c
Available
082
_a
537
_b
LOR
245
_a
Electromagnetic fields and waves
_c
Lorrain,Paul
942
_2
ddc
_c
BK
999
_c
24121
_d
24121